| 000 | 00862nam a2200217 a 4500 | ||
|---|---|---|---|
| 001 | 55985 | ||
| 003 | BD-RjUL | ||
| 005 | 20211209080335.0 | ||
| 008 | 161124s1964 bg ||||| |||| 00| 0 ben d | ||
| 035 | _a(BD-RjUL)56109 | ||
| 040 |
_aBD-RjUL _bben _cBD-RjUL |
||
| 041 | _aben | ||
| 082 |
_223 _a338.549 _bKHP 1964 |
||
| 100 |
_aকুদরাত-এ খুদা, মুহাম্মাদ _9166653 |
||
| 245 |
_aপূর্ব পাকিস্তানের শিল্প সম্ভবনা / _cমুহাম্মাদ কুদরাত-এ খুদা |
||
| 260 |
_aঢাকা : _bবাঙলা একাডেমী, _c১৯৬৪. |
||
| 300 |
_a৬৪ পৃ. ; _c২১ সেমি. |
||
| 650 |
_aশিল্প _zপূর্ব পাকিস্তান _9166654 |
||
| 650 |
_aProduction _zEast Pakistan _9166655 |
||
| 942 |
_2ddc _cBK |
||
| 999 |
_c55985 _d55985 |
||